Paroles - Naheulbeuk - Les souliers de Lady Fae - Statistiques

Statistiques générales
  • Ce quiz a été pris 9 fois
  • Le résultat moyen est 34 sur 42
Statistiques - réponses
Paroles % Correct
En haut de la {colline}, elle a sa maisonnée
100%
En suivant les {traces} des souliers de Lady Fae
100%
Les vertus {magiques} des souliers de Lady Fae
100%
Pleurent les enfants dans leur {lit} sans bouger
100%
Sans trouver la {mort} aux portes de Lady Fae
100%
Soufflent les vents, {tonne} l'orage
100%
Soufflent les vents, {tonne} l'orage
100%
Soufflent les vents, {tonne} l'orage
100%
Soufflent les vents, {tonne} l'orage
100%
Soufflent les vents, {tonne} l'orage
100%
Soufflent les vents, {tonne} l'orage
100%
Soufflent les vents, {tonne} l'orage
100%
Soufflent les vents, {tonne} l'orage
100%
Soufflent les vents, {tonne} l'orage
100%
Celle qui tient le fort {reste} une fille à marier
75%
Ces yeux qui le {hantent}, ce sont ceux de Lady Fae
75%
Depuis ce temps, tous les enfants {sages}
75%
Elle attend le jour où l'un d'eux va {passer}
75%
En {poussant} la porte, il espère trouver
75%
Il n'a que faire des {légendes} oubliées
75%
Jusqu'à l'horizon, les {badauds} envoutés
75%
Laissant derrière eux les {souliers} de Lady Fae
75%
La porte de la {demeure} de Lady Fae
75%
Lorsqu'on {l'aperçoit}, on ne peut l'oublier
75%
L'un d'eux s'est épris de la {belle} aux souliers
75%
Mais nul ne sait jamais la {rattraper}
75%
Nul ne sait fouler la {route} aux souliers
75%
Nul ne sait jamais les {consoler}
75%
Nul ne sait les {ignorer} chanter
75%
Par delà le {fort}, ils se sont épousés
75%
Puis, demandant sa main, déposa un {baiser}
75%
Sans {porter} les souliers de Lady Fae
75%
Sans quitter des yeux le {château} de Lady Fae
75%
Sans {raconter} l'histoire de Lady Fae
75%
Soufflent les vents, {tonne} l'orage
75%
Soufflent les vents, {tonne} l'orage
75%
Sur les souliers {enchantés} de Lady Fae
75%
Voyant sa promise, il s'est {agenouillé}
75%
Elle prend de sa main la vie des {étrangers}
50%
Il traverse les champs de {félons} statufiés
50%
Nul ne sait {espérer} l'approcher
50%
Ont écouté mille fois cette {chanson} du passé
50%
Aucun quiz correspondant
Distribution des résultats
% des personnes avec chaque résultat
Percentile par nombre de réponses
Votre historique - résultats
Vous n’avez pas pris ce quiz